| 000 | 01050cam a2200289 a 4500 | ||
|---|---|---|---|
| 999 |
_c331313 _d331313 |
||
| 001 | 14236189 | ||
| 003 | NUST | ||
| 005 | 20170922171108.0 | ||
| 008 | 060120s2005 ii a 001 0 eng | ||
| 010 | _a 2006310307 | ||
| 020 | _a8174363629 | ||
| 025 | _aI-E-2006-310307; 33; 67-08 | ||
| 037 |
_bLibrary of Congress -- New Delhi Overseas Office _cRs595.00 |
||
| 040 |
_aDLC _cDLC _dDLC |
||
| 042 | _alcode | ||
| 043 |
_aa-ii--- _aa-pk--- |
||
| 050 | 0 | 0 |
_aTX724.5.I4 _bP258 2005 |
| 082 |
_a641.5954 _bPAN |
||
| 100 | 1 |
_aPant, Pushpesh, _d1946- _94927 |
|
| 245 | 1 | 0 |
_aFood path : _bcuisine along the Grand Trunk road, from Kabul to Kolkata / _cPushpesh Pant with Huma Mohsin. |
| 260 |
_aNew Delhi : _bRoli Books, _c2005. |
||
| 300 |
_a141 p. : _bcol. ill., col. map ; _c22 x 32 cm. |
||
| 500 | _aIncludes index. | ||
| 650 | 0 |
_aCooking, Indic _xNorthern style. _94928 |
|
| 700 | 1 |
_aMohsin, Huma. _94929 |
|
| 906 |
_a7 _bcbc _corigode _d3 _encip _f20 _gy-gencatlg |
||
| 942 |
_2ddc _cBK |
||